Gewinn das Wirtschaftsmagazin für Ihren persönlichen Vorteil
Uložené v:
| Médium: | Seriál |
|---|---|
| Jazyk: | German |
| Vydavateľské údaje: |
Wien
Wailand, Georg
2011
|
| Predmet: | |
| Tagy: |
Žiadne tagy, Buďte prvý, kto otaguje tento záznam!
|
MARC
| LEADER | 00000nas2a2200000 4500 | ||
|---|---|---|---|
| 001 | 0212216 | ||
| 005 | 20160208091338.8 | ||
| 041 | 0 | |a ger | |
| 044 | |a AT | ||
| 245 | 1 | 0 | |a Gewinn |b das Wirtschaftsmagazin für Ihren persönlichen Vorteil |
| 264 | 1 | |a Wien |b Wailand, Georg |c 2011 | |
| 773 | 0 | |w eu_un_cat*0066713 | |
| 610 | 2 | 0 | |a situácia hospodárska |
| 610 | 2 | 0 | |a trh kapitálový |
| 610 | 2 | 0 | |a financie osobné |
| 610 | 2 | 0 | |a manažment |
| 610 | 2 | 0 | |a nehnuteľnosti |
| 610 | 2 | 0 | |a technológie informačné |
| 610 | 2 | 0 | |a štýl životný |